Rape in Namibia : (Record no. 512)

MARC details
000 -LEADER
fixed length control field 00550nam a22001697a 4500
005 - DATE AND TIME OF INPUT
control field 20231110073614.0
008 - DATA ELEMENTS--GENERAL INFORMATION
fixed length control field 231110b |||||||| |||| 00| 0 eng d
020 ## - INTERNATIONAL STANDARD BOOK NUMBER
International Standard Book Number 9789994561216
041 ## - LANGUAGE CODE
Language code of text English
082 ## - SHELF NUMBER
DDC number 346.1 RAP
100 ## - MAIN AUTHOR
Language of a work English
245 ## - TITLE STATEMENT
Title Rape in Namibia :
Sub-title An assessment of the operation of the Combating of Rape Act 8 of 2000 Full Report
260 ## - PUBLICATION, DISTRIBUTION, ETC.
Place of publication, distribution, etc. Windhoek :
Name of publisher, distributor, etc. Legal Assistance Centre,
Date of publication, distribution, etc. 2006
300 ## - PHYSICAL DESCRIPTION
Other physical details x, 593 pages ;
Dimensions 30 cm.
650 ## - SUBJECT`
Broad subject Legal practice
Own subject terms Law
942 ## - ADDED ENTRY ELEMENTS (KOHA)
Item type Books
942 ## - ADDED ENTRY ELEMENTS (KOHA)
-- ALISON_BN_VRIES
Holdings
Source of classification or shelving scheme Not for loan Collection code Home library Current library Shelving location Date acquired Full call number Barcode Price effective from Koha item type
Dewey Decimal Classification   TEXT BOOKS LAW SOCIETY OF NAMIBIA LIBRARY - WINDHOEK LAW SOCIETY OF NAMIBIA LIBRARY - WINDHOEK Family law 11/10/2023 346.1 RAP LSN/2008/6 11/10/2023 Books